Pays traversés par l’equateur - Statistiques

Statistiques générales
  • Ce quiz a été pris 52 fois
  • Le résultat moyen est 9 sur 12
Statistiques - réponses
Hint Réponse % Correct
Amérique du Sud Colombie
98%
Amérique du Sud Brésil
96%
Amérique du Sud Équateur
96%
Asie (et Océanie géographiquement) Indonésie
88%
Afrique Congo
86%
Afrique Gabon
72%
Afrique Kenya
72%
Afrique Somalie
68%
Afrique Ouganda
66%
Afrique São Tomé-et-Príncipe
48%
Asie (et Océanie géographiquement) Maldives
40%
Asie (et Océanie géographiquement) Kiribati
32%
Aucun quiz correspondant
Distribution des résultats
% des personnes avec chaque résultat
Percentile par nombre de réponses
Votre historique - résultats
Vous n’avez pas pris ce quiz